000 00487nam a2200145Ia 4500
008 100204s9999 xx 000 0 und d
082 _b9546
100 _aकुलकर्णी दत्ता केशव
245 _aआभाळ फाटले पण
260 _b"मधुर पब्लिकेशन , पुणे 2"
_c1987
300 _a220
630 _aआभाळ फाटले पण
730 _aआभाळ फाटले पण
942 _cBOOK
999 _c453982
_d453979